| 000 | 01245nam a2200337 a 4500 | ||
|---|---|---|---|
| 001 | 000109234 | ||
| 003 | CHAP | ||
| 005 | 20220329144042.0 | ||
| 008 | 140410s2013 mx sm |||||||spa d | ||
| 010 | _a105696 | ||
| 011 | _a106668 | ||
| 040 | _cCHAP | ||
| 090 | _aTesis | ||
| 100 | 1 |
_aOlvera Cruz, Luis Alberto _9126401 |
|
| 245 | 1 | 0 |
_aAnálisis químico de la solución del suelo, como herramienta para el diagnóstico nutrimental de fresa (Fragaria x ananassa Duch.) _h[En línea] _cpor Luis Alberto Olvera Cruz. |
| 260 |
_aChapingo, Méx. : _bEl autor, _c2013. |
||
| 500 | _aPara ver el contenido del material haga clic en la liga | ||
| 502 | _aTesis (Ing. Agr. Esp. en Fitotecnia) -- UACH. Departamento de Fitotecnia | ||
| 590 |
_aBATCH-UPD _b05 _c20141002 _lUCH01 _h0900 |
||
| 590 |
_aE6096MTM _b05 _c20140410 _lUCH01 _h1447 |
||
| 590 |
_aE6096MTM _b05 _c20140410 _lUCH01 _h1452 |
||
| 650 | 1 | 4 |
_aPlantas _xNutrición. _988874 |
| 650 | 1 | 4 |
_aSoluciones del suelo. _9108525 |
| 650 | 1 | 4 |
_aSoluciones nutritivas. _9108527 |
| 650 | 1 | 4 |
_aSuelos _xAnálisis. _9110204 |
| 650 | 1 | 4 |
_aSuelos _xQuímica de. _9110470 |
| 856 |
_aFinding aid _uhttp://10.13.5.2/tesis/sist109234.pdf _zTeclea aquí |
||
| 901 | _aBK | ||
| 942 | _cTESIS | ||
| 942 | _n0 | ||
| 999 |
_c105696 _d105696 |
||